[Event "PRO League Group Stage"]
[Site "chess.com INT"]
[Date "2019.01.21"]
[Round "3"]
[White "Bordi, Kevin"]
[Black "Braun, Arik"]
[Result "0-1"]
[BlackTitle "GM"]
[WhiteElo "2288"]
[BlackElo "2598"]
[WhiteTeam "Cannes Blitzstreams"]
[BlackTeam "Berlin Bears"]
[WhiteFideId "621862"]
[BlackFideId "4663527"]
[EventDate "2019.01.08"]

1. d4 d5 2. Bf4 Nf6 3. e3 c5 4. c3 Nc6 5. Nd2 e6 6. Ngf3 Nh5 7. Be5 f6 8. Bg3 g6
9. Bd3 Be7 10. O-O Nxg3 11. hxg3 O-O 12. Qc2 Kg7 13. Rfd1 cxd4 14. cxd4 Nb4 15.
Qb1 Nxd3 16. Qxd3 Bd7 17. Qb3 Qb6 18. Rdc1 Rfc8 19. Ne1 Qxb3 20. Nxb3 Bb5 21.
Rxc8 Rxc8 22. Rc1 Rxc1 23. Nxc1 e5 24. f4 e4 25. a3 h5 26. Kf2 Kf7 27. Nc2 Ke6
28. Na2 Bd3 29. Ncb4 Bc4 30. Nc1 a5 31. Nba2 b5 32. Ke1 b4 33. axb4 axb4 34. b3
Bb5 35. Ne2 Kf5 36. Nac1 Kg4 37. Kf2 f5 38. Ng1 h4 39. Nh3 hxg3+ 40. Ke1 Ba6 41.
Na2 Bd3 42. Nc1 Bb1 43. Kd2 Bf6 44. Ke1 g5 45. fxg5 Bxg5 46. Nxg5 Kxg5 47. Kd2
f4 48. exf4+ Kxf4 49. Ne2+ Kg4 50. Nc1 Bd3 51. Ke1 Kf4 52. Na2 Bc2 53. Nxb4 Bxb3
54. Na6 Ke3 55. Nc5 Bc4 56. Ne6 Bb5 57. Ng7 Kxd4 58. Nf5+ Ke5 59. Nxg3 d4 60.
Nh5 e3 61. g4 d3 0-1

[Event "PRO League Group Stage"]
[Site "chess.com INT"]
[Date "2019.01.21"]
[Round "3"]
[White "Herrera Reyes, Jose Antonio"]
[Black "Hammer, Jon Ludvig"]
[Result "0-1"]
[WhiteTitle "FM"]
[BlackTitle "GM"]
[WhiteElo "2324"]
[BlackElo "2652"]
[WhiteTeam "Barcelona Raptors"]
[BlackTeam "Norway Gnomes"]
[WhiteFideId "2274914"]
[BlackFideId "1503707"]
[EventDate "2019.01.08"]

1. Nf3 d5 2. g3 Nf6 3. Bg2 c6 4. d3 Bg4 5. c3 e6 6. O-O Bc5 7. b4 Bb6 8. a4 O-O
9. b5 a6 10. Ba3 Re8 11. Ne5 Bh5 12. bxc6 Nxc6 13. Nxc6 bxc6 14. Nd2 e5 15. Nb3
e4 16. d4 Bg4 17. h3 Bf5 18. e3 h5 19. Qe2 Qc8 20. Kh2 Bc7 21. c4 h4 22. cxd5
Nxd5 23. Rac1 Re6 24. Kh1 hxg3 25. fxg3 Rh6 26. Rxf5 Qxf5 27. g4 Qg5 28. Re1 Bg3
29. Rf1 Qxe3 30. Qc4 Bc7 31. Rf5 Rxh3+ 32. Bxh3 Qxh3+ 33. Kg1 Qh2+ 0-1

[Event "PRO League Group Stage"]
[Site "chess.com INT"]
[Date "2019.01.21"]
[Round "3"]
[White "Asis Gargatagli, Hipolito"]
[Black "Salomon, Johan"]
[Result "1/2-1/2"]
[WhiteTitle "IM"]
[BlackTitle "GM"]
[WhiteElo "2529"]
[BlackElo "2494"]
[WhiteTeam "Barcelona Raptors"]
[BlackTeam "Norway Gnomes"]
[WhiteFideId "2260735"]
[BlackFideId "1509500"]
[EventDate "2019.01.08"]

1. e4 e5 2. Nf3 Nc6 3. Bc4 Bc5 4. d3 Nf6 5. Bg5 d6 6. c3 a6 7. Nbd2 h6 8. Bh4 g5
9. Bg3 Bg4 10. b4 Ba7 11. Qb3 Qd7 12. a4 Nh5 13. a5 Nf4 14. Bxf4 gxf4 15. h3 Be6
16. g4 fxg3 17. fxg3 Bxh3 18. Bxf7+ Qxf7 19. Qxf7+ Kxf7 20. Rxh3 Rag8 21. Kf1
Ne7 22. Nh4 Ke6 23. Kg2 Rg4 24. Rf1 h5 25. Rfh1 Rf8 26. Rf1 Rfg8 27. Rf3 c6 28.
Nf5 R4g5 29. Rf1 Nxf5 30. Rxf5 Rxf5 31. exf5+ Kxf5 32. Rxh5+ Kg6 33. Rh4 d5 34.
Nf3 Bb8 35. Rg4+ Kf7 36. Rxg8 Kxg8 37. Ng5 c5 38. Ne6 cxb4 39. cxb4 Bd6 40. Nc5
Kf7 41. Kf3 Kg6 42. Kg4 Be7 43. Kf3 Bd6 44. Kg4 Be7 45. Kf3 Bd6 46. Kg4 1/2-1/2

[Event "PRO League Group Stage"]
[Site "chess.com INT"]
[Date "2019.01.21"]
[Round "3"]
[White "Hauge, Lars Oskar"]
[Black "Alonso Rosell, Alvar"]
[Result "0-1"]
[WhiteTitle "IM"]
[BlackTitle "GM"]
[WhiteElo "2466"]
[BlackElo "2559"]
[WhiteTeam "Norway Gnomes"]
[BlackTeam "Barcelona Raptors"]
[WhiteFideId "1509276"]
[BlackFideId "2270544"]
[EventDate "2019.01.08"]

1. d4 d5 2. Bf4 Nf6 3. Nc3 a6 4. e3 e6 5. g4 b5 6. g5 Nfd7 7. Bg2 Bb7 8. Nf3 c5
9. Ne2 Nc6 10. O-O Ne7 11. h4 h6 12. gxh6 gxh6 13. dxc5 Nc6 14. b4 Rg8 15. Rb1
Bg7 16. Bg3 Bf6 17. Ned4 Rc8 18. Re1 Ne7 19. Kf1 e5 20. Nb3 Nf5 21. Na5 Nxg3+
22. fxg3 Ba8 23. Ke2 Nxc5 24. bxc5 Qxa5 25. Nd2 Rxg3 26. Rg1 Qc3 27. Bf3 Rxg1
28. Qxg1 Ke7 29. Qg4 Qxc5 30. Rf1 Qxc2 31. Bg2 Rc3 32. Bh3 Bc6 33. Qf3 Qg6 34.
Bf5 Qg7 35. Qf2 b4 36. Rg1 Qf8 37. Bg4 Qd8 38. Qf5 d4 0-1

[Event "PRO League Group Stage"]
[Site "chess.com INT"]
[Date "2019.01.21"]
[Round "3"]
[White "Mihajlov, Sebastian"]
[Black "Forcen Esteban, Daniel"]
[Result "1-0"]
[WhiteTitle "IM"]
[BlackTitle "GM"]
[WhiteElo "2363"]
[BlackElo "2567"]
[WhiteTeam "Norway Gnomes"]
[BlackTeam "Barcelona Raptors"]
[WhiteFideId "1512110"]
[BlackFideId "2288230"]
[EventDate "2019.01.08"]

1. d4 e6 2. c4 Bb4+ 3. Bd2 a5 4. e4 d6 5. Nc3 Nf6 6. Qc2 Nc6 7. Nf3 e5 8. dxe5
dxe5 9. O-O-O Bxc3 10. Bxc3 Qe7 11. h3 O-O 12. Be2 Nd7 13. Kb1 Nc5 14. Rhe1 f5
15. Nd2 fxe4 16. Ka1 Bf5 17. Qc1 a4 18. Nb1 Bg6 19. Rf1 Rfd8 20. Rxd8+ Rxd8 21.
Na3 Nd4 22. Bd1 c6 23. Qe3 b5 24. cxb5 cxb5 25. Bb4 Qc7 26. Nxb5 Qb6 27. Nxd4
exd4 28. Qg5 Nd3 29. Ba3 h6 30. Qe7 Ra8 31. Qd7 Bf7 32. Bc2 Ra7 33. Qc8+ Kh7 34.
f3 Rc7 35. Qd8 Qe6 36. Bb1 Rd7 37. Qa8 Bg6 38. fxe4 Bxe4 39. Qxa4 Bg6 40. Rf8
Ne5 41. Bxg6+ Nxg6 42. Rf1 d3 43. Qd1 d2 44. b3 Qa6 45. Rf2 Qxa3 46. Rxd2 Ra7
47. Qc2 Ra6 48. h4 Qa5 49. g4 Qe5+ 50. Kb1 h5 51. gxh5 Qxh5 52. Rd4 Rf6 53. Kb2
Qe5 54. Qc3 Rf2+ 55. Ka3 Rf4 56. Rc4 Qxc3 57. Rxc3 Nxh4 58. b4 g5 59. b5 Rf6 60.
Kb4 Nf5 61. a4 Nd6 62. b6 Kg6 63. a5 g4 64. a6 Ne4 65. a7 Nxc3 66. a8=Q Nd5+ 67.
Qxd5 g3 68. b7 1-0

[Event "PRO League Group Stage"]
[Site "chess.com INT"]
[Date "2019.01.21"]
[Round "3"]
[White "Lenic, Luka"]
[Black "Delorme, Alban"]
[Result "1-0"]
[WhiteTitle "GM"]
[BlackTitle "FM"]
[WhiteElo "2645"]
[BlackElo "2320"]
[WhiteTeam "Ljubljana Turtles"]
[BlackTeam "Marseille Migraines"]
[WhiteFideId "14603853"]
[BlackFideId "623636"]
[EventDate "2019.01.08"]

1. Nf3 c5 2. c4 Nf6 3. d4 cxd4 4. Nxd4 Nc6 5. Nc3 d5 6. cxd5 Nxd5 7. Nxc6 bxc6
8. Bd2 e5 9. e4 Nf4 10. Be3 Qxd1+ 11. Rxd1 Bb4 12. g3 Ne6 13. Bc4 O-O 14. O-O
Rd8 15. Rxd8+ Nxd8 16. Na4 Be6 17. Rc1 Bd7 18. Nc5 Bxc5 19. Bxc5 Ne6 20. Be3 Nd4
21. f4 Be6 22. Bxd4 exd4 23. Bxe6 fxe6 24. Rxc6 Rd8 25. Kf2 d3 26. Ke1 Kf7 27.
Kd2 Rd4 28. Rc7+ Kg6 29. Rxa7 Rxe4 30. Kxd3 Re1 31. b4 Rb1 32. Kc4 Rb2 33. b5
Rxh2 34. a4 Kf5 35. Rxg7 Ke4 36. b6 Rc2+ 37. Kb5 h5 38. b7 h4 39. gxh4 1-0

[Event "PRO League Group Stage"]
[Site "chess.com INT"]
[Date "2019.01.21"]
[Round "3"]
[White "Sebenik, Matej"]
[Black "Regoli, Stephane"]
[Result "1-0"]
[WhiteTitle "GM"]
[WhiteElo "2540"]
[BlackElo "2256"]
[WhiteTeam "Ljubljana Turtles"]
[BlackTeam "Marseille Migraines"]
[WhiteFideId "14602296"]
[BlackFideId "615110"]
[EventDate "2019.01.08"]

1. Nf3 d5 2. d4 Nf6 3. Bf4 c5 4. e3 e6 5. Nbd2 Nc6 6. c3 Be7 7. Ne5 O-O 8. Bd3
Nd7 9. Ndf3 Ndxe5 10. dxe5 f5 11. h4 a6 12. Ng5 Bxg5 13. hxg5 g6 14. g4 Qe7 15.
Qf3 b5 16. gxf5 gxf5 17. g6 hxg6 18. Qg3 Qg7 19. Bh6 Qh7 20. O-O-O Rf7 21. Bg5
Qg7 22. f4 c4 23. Bc2 b4 24. Rdg1 Ne7 25. Qh4 Kf8 26. Bh6 1-0

[Event "PRO League Group Stage"]
[Site "chess.com INT"]
[Date "2019.01.21"]
[Round "3"]
[White "Vachier-Lagrave, Maxime"]
[Black "Skoberne, Jure"]
[Result "1/2-1/2"]
[WhiteTitle "GM"]
[BlackTitle "GM"]
[WhiteElo "2780"]
[BlackElo "2582"]
[WhiteTeam "Marseille Migraines"]
[BlackTeam "Ljubljana Turtles"]
[WhiteFideId "623539"]
[BlackFideId "14604299"]
[EventDate "2019.01.08"]

1. e4 e6 2. d4 d5 3. Nc3 Nf6 4. Bg5 dxe4 5. Nxe4 Be7 6. Bxf6 gxf6 7. g3 f5 8.
Nc3 Bf6 9. Nf3 b6 10. Bg2 Bb7 11. Qe2 O-O 12. O-O-O Qe7 13. Rhg1 Kh8 14. Ne5
Bxg2 15. Rxg2 Nd7 16. f4 Bxe5 17. dxe5 Nc5 18. Qc4 a5 19. Rgd2 Rfd8 20. a3 a4
21. Rxd8+ Rxd8 22. Rxd8+ Qxd8 23. Nxa4 Nxa4 24. Qxa4 Qd5 25. b4 Qh1+ 26. Kb2
Qxh2 27. Qb3 b5 28. Qd3 c6 29. Kb3 Qg1 30. c4 Kg7 31. cxb5 cxb5 32. a4 bxa4+ 33.
Kxa4 h5 34. b5 Qf2 35. Ka5 Qa7+ 36. Kb4 Qf2 37. Qc3 Qg1 38. Ka4 Qf2 39. Kb3 Qg1
40. Kb4 Qf2 41. Qd3 Qg1 42. Qd8 Qe1+ 43. Kc5 Qc3+ 44. Kb6 Qxg3 45. Ka6 h4 46. b6
Qa3+ 47. Kb5 Qb3+ 48. Ka5 Qa3+ 49. Kb5 Qb3+ 50. Ka5 1/2-1/2

[Event "PRO League Group Stage"]
[Site "chess.com INT"]
[Date "2019.01.21"]
[Round "3"]
[White "Moussard, Jules"]
[Black "Unuk, Laura"]
[Result "1-0"]
[WhiteTitle "GM"]
[BlackTitle "WIM"]
[WhiteElo "2605"]
[BlackElo "2234"]
[WhiteTeam "Marseille Migraines"]
[BlackTeam "Ljubljana Turtles"]
[WhiteFideId "642908"]
[BlackFideId "14609215"]
[EventDate "2019.01.08"]

1. Nf3 Nf6 2. b3 d5 3. Bb2 c5 4. g3 Nc6 5. Bg2 e6 6. O-O Be7 7. c4 d4 8. e3 O-O
9. exd4 cxd4 10. Re1 Re8 11. d3 Bf8 12. Ne5 Nxe5 13. Rxe5 Nd7 14. Re1 e5 15. Na3
a5 16. Nb5 Nc5 17. Ba3 Bd7 18. Bxc5 Bxc5 19. Bxb7 Rb8 20. Qf3 Qf6 21. Qxf6 gxf6
22. Bf3 Bb4 23. Re2 Rec8 24. a4 Rb6 25. Kg2 Rc5 26. h4 f5 27. Bd5 e4 28. dxe4 d3
29. Re3 d2 30. Rd1 fxe4 31. Bxe4 Kg7 32. Rd3 Bg4 33. f3 Be6 34. Nc3 f5 35. Ba8
Rc8 36. Bd5 Bxc3 37. Bxe6 Rxe6 38. Rxc3 Re2+ 39. Kh3 Rd8 40. Rc2 Rd3 41. c5 Rf2
42. f4 Rff3 43. Rdxd2 Rxg3+ 44. Kh2 Rxd2+ 45. Rxd2 Rc3 46. Rd5 Kg6 47. c6 Rxc6
48. Rxa5 Rc3 49. Rb5 Kh5 50. Rxf5+ Kg4 51. Rg5+ Kxf4 52. Rb5 Kf3 53. h5 Rc2+ 54.
Kh3 Rc1 55. Kh4 h6 56. Rf5+ Ke4 57. Rf2 Rh1+ 58. Kg4 Rg1+ 59. Kh3 Rb1 60. Ra2
Rxb3+ 61. Kg4 Rb8 62. a5 Rg8+ 63. Kh4 Ra8 64. a6 Ra7 65. Ra4+ Kf5 66. Kg3 Kg5
67. Ra5+ Kf6 68. Kf4 Ra8 69. a7 Ke6 70. Ra6+ Kd5 71. Kf5 Kc5 72. Kg6 Kb5 73. Ra1
Kb6 74. Kxh6 Kb7 75. Kg7 Kb6 76. h6 Kb7 77. h7 1-0

[Event "PRO League Group Stage"]
[Site "chess.com INT"]
[Date "2019.01.21"]
[Round "3"]
[White "Meier, Georg"]
[Black "Ducarmon, Quinten"]
[Result "1/2-1/2"]
[WhiteTitle "GM"]
[BlackTitle "IM"]
[WhiteElo "2623"]
[BlackElo "2479"]
[WhiteTeam "Baden-Baden Snowballs"]
[BlackTeam "Amsterdam Mosquitoes"]
[WhiteFideId "4675789"]
[BlackFideId "1025007"]
[EventDate "2019.01.08"]

1. Nf3 d5 2. g3 c6 3. Bg2 Bg4 4. c4 e6 5. cxd5 Bxf3 6. Bxf3 cxd5 7. O-O Nc6 8.
d4 Nf6 9. e3 Be7 10. Nc3 O-O 11. Bd2 Rc8 12. Qe2 Na5 13. Rfc1 Nc4 14. Be1 Qd7
15. Rc2 Rc7 16. Rac1 Rfc8 17. Kg2 g6 18. Qd1 Kg7 19. Ne2 Rc6 20. b3 Na3 21. Rxc6
Rxc6 22. Nf4 Qc8 23. Rxc6 Qxc6 24. Nd3 Ne4 25. Nb4 Qc7 26. Nd3 Qc2 27. Qxc2 Nxc2
28. Kf1 Nxe1 29. Kxe1 Nc3 30. a4 Na2 31. e4 Nb4 32. Kd2 Nc6 33. Kc3 Bf6 34. e5
Bd8 35. b4 Bb6 36. Nc5 a5 37. bxa5 Bxa5+ 38. Kd3 Bb6 39. Nb3 Na5 40. Nd2 Nc6 41.
Nb3 Na5 42. Nd2 Nc6 43. Nb3 Na5 44. Nd2 Nc6 45. Nb3 Na5 1/2-1/2

[Event "PRO League Group Stage"]
[Site "chess.com INT"]
[Date "2019.01.21"]
[Round "3"]
[White "Fridman, Daniel"]
[Black "Lopez, Jasel"]
[Result "1-0"]
[WhiteTitle "GM"]
[BlackTitle "FM"]
[WhiteElo "2631"]
[BlackElo "2388"]
[WhiteTeam "Baden-Baden Snowballs"]
[BlackTeam "Amsterdam Mosquitoes"]
[WhiteFideId "11600454"]
[BlackFideId "15900045"]
[EventDate "2019.01.08"]

1. d4 e6 2. c4 d5 3. Nf3 Nf6 4. g3 Be7 5. Bg2 O-O 6. Qc2 dxc4 7. Qxc4 c6 8. Be3
b5 9. Qc1 Bb7 10. Ne5 Nd5 11. O-O a5 12. Nc3 Nd7 13. Ne4 Qc7 14. Nxd7 Qxd7 15.
Bd2 Rfd8 16. Nc5 Qc7 17. a3 Bf6 18. e4 Nb6 19. Bf4 e5 20. dxe5 Bxe5 21. Bxe5
Qxe5 22. Nxb7 Rd4 23. Qc5 Nd7 24. Qxe5 Nxe5 25. Rfd1 Rxd1+ 26. Rxd1 Nc4 27. b3
Nxa3 28. Nxa5 c5 29. e5 Rc8 30. Bb7 Rb8 31. Rc1 c4 32. bxc4 bxc4 33. Rc3 Nb1 34.
Rxc4 Nd2 35. Rc2 Rd8 36. Nc6 Nf3+ 37. Kg2 Ne1+ 38. Kf1 Rd1 39. Ke2 Rb1 40. Rd2
h5 41. Ne7+ Kf8 42. Nf5 Kg8 43. Be4 1-0

[Event "PRO League Group Stage"]
[Site "chess.com INT"]
[Date "2019.01.21"]
[Round "3"]
[White "Spoelman, Wouter"]
[Black "Kollars, Dmitrij"]
[Result "0-1"]
[WhiteTitle "GM"]
[BlackTitle "GM"]
[WhiteElo "2578"]
[BlackElo "2562"]
[WhiteTeam "Amsterdam Mosquitoes"]
[BlackTeam "Baden-Baden Snowballs"]
[WhiteFideId "1010891"]
[BlackFideId "12909572"]
[EventDate "2019.01.08"]

1. c4 e5 2. Nc3 Bb4 3. Nd5 Bc5 4. Nf3 c6 5. Nc3 d6 6. d4 exd4 7. Nxd4 Nf6 8. e3
O-O 9. Be2 d5 10. O-O dxc4 11. Bxc4 Nbd7 12. a3 Nb6 13. Ba2 Qe7 14. Nce2 Bd7 15.
Qc2 Bd6 16. Nf5 Bxf5 17. Qxf5 Qe5 18. Qxe5 Bxe5 19. Rb1 Rad8 20. f3 Na4 21. e4
Rd3 22. Bc4 Rd7 23. Bb3 Nc5 24. Bc2 Ne6 25. Rd1 Rfd8 26. Rxd7 Rxd7 27. g3 Nd4
28. Nxd4 Bxd4+ 29. Kf1 Ne8 30. Ke2 Nc7 31. Be3 Bxe3 32. Kxe3 Kf8 33. h4 Ne6 34.
Rd1 Rxd1 35. Bxd1 Ke7 36. Bb3 f6 37. f4 Nc5 38. Bc4 b5 39. Bg8 h6 40. Kd4 Nd7
41. e5 fxe5+ 42. fxe5 c5+ 43. Kd5 c4 44. Bh7 Nb6+ 45. Kc5 Na4+ 46. Kxb5 Nxb2 47.
Bf5 Nd1 48. Kb4 Ne3 49. Bc8 Nd5+ 50. Kb5 g6 51. h5 c3 52. hxg6 c2 53. g7 Kf7 54.
e6+ Kxg7 55. e7 Nxe7 0-1

[Event "PRO League Group Stage"]
[Site "chess.com INT"]
[Date "2019.01.21"]
[Round "3"]
[White "Admiraal, Miguoel"]
[Black "Agrest, Inna"]
[Result "1-0"]
[WhiteTitle "IM"]
[BlackTitle "WIM"]
[WhiteElo "2478"]
[BlackElo "2275"]
[WhiteTeam "Amsterdam Mosquitoes"]
[BlackTeam "Baden-Baden Snowballs"]
[WhiteFideId "1019716"]
[BlackFideId "1708830"]
[EventDate "2019.01.08"]

1. d4 Nf6 2. Bg5 c5 3. d5 Qb6 4. Nc3 d6 5. e4 Nbd7 6. Rb1 g6 7. Nf3 Bg7 8. Be2
h6 9. Bh4 O-O 10. O-O Re8 11. Nd2 a6 12. a4 Qc7 13. Nc4 Rb8 14. Ne3 Nf8 15. f4
N6h7 16. Kh1 Bd7 17. e5 dxe5 18. Bxe7 exf4 19. d6 Qc8 20. Rxf4 Ne6 21. Rf1 b5
22. axb5 axb5 23. Ncd5 Bc6 24. Bg4 Qb7 25. h4 Nd4 26. c3 h5 27. cxd4 hxg4 28.
dxc5 Qc8 29. Nb4 Nf8 30. Nxc6 Qxc6 31. Rxf7 Qxc5 32. Qb3 Kh8 33. Rbf1 Nh7 34.
Nxg4 Qh5 35. Rxg7 Kxg7 36. Rf7+ Kh8 37. Qc3+ 1-0

[Event "PRO League Group Stage"]
[Site "chess.com INT"]
[Date "2019.01.21"]
[Round "3"]
[White "Lagarde, Maxime"]
[Black "Blohberger, Felix"]
[Result "0-1"]
[WhiteTitle "GM"]
[BlackTitle "IM"]
[WhiteElo "2604"]
[BlackElo "2450"]
[WhiteTeam "Cannes Blitzstreams"]
[BlackTeam "Berlin Bears"]
[WhiteFideId "662399"]
[BlackFideId "1632051"]
[EventDate "2019.01.08"]

1. d4 Nf6 2. c4 e6 3. Nf3 Bb4+ 4. Bd2 a5 5. g3 b6 6. Bg2 Bb7 7. O-O Bxd2 8. Qxd2
O-O 9. Re1 d6 10. Nc3 Ne4 11. Nxe4 Bxe4 12. d5 e5 13. Rac1 Nd7 14. Nxe5 Nxe5 15.
Bxe4 f5 16. Bg2 f4 17. gxf4 Ng6 18. e3 Nh4 19. e4 Nxg2 20. Kxg2 Qh4 21. Rc3 Rxf4
22. f3 Raf8 23. Ree3 Qg5+ 24. Kf2 Rxf3+ 25. Ke2 Rf2+ 26. Kd3 0-1

[Event "PRO League Group Stage"]
[Site "chess.com INT"]
[Date "2019.01.21"]
[Round "3"]
[White "Mekhitarian, Krikor Sevag"]
[Black "Berger, Steve"]
[Result "1/2-1/2"]
[WhiteTitle "GM"]
[BlackTitle "IM"]
[WhiteElo "2536"]
[BlackElo "2435"]
[WhiteTeam "Cannes Blitzstreams"]
[BlackTeam "Berlin Bears"]
[WhiteFideId "2107660"]
[BlackFideId "4644786"]
[EventDate "2019.01.08"]

1. d4 e6 2. Nf3 Nf6 3. g3 c5 4. c4 cxd4 5. Nxd4 Nc6 6. Bg2 Qb6 7. Nb5 Ne5 8.
N1a3 Nxc4 9. Nxc4 Qxb5 10. Nd6+ Bxd6 11. Qxd6 a5 12. O-O Ra6 13. Qa3 d6 14. Rd1
O-O 15. Rxd6 Rxd6 16. Qxd6 Qxe2 17. Be3 Re8 18. Qd2 Qxd2 19. Bxd2 a4 20. Rc1 h6
21. Rc4 b5 22. Rc7 Bd7 23. Bb7 e5 24. Bc3 Be6 25. Bc6 Nd5 26. Bxe8 Nxc7 27. Bc6
Bxa2 28. Bxe5 Bd5 29. Bd7 Be6 30. Bc6 Bd5 31. Bd7 Be6 32. Bc6 1/2-1/2

[Event "PRO League Group Stage"]
[Site "chess.com INT"]
[Date "2019.01.21"]
[Round "3"]
[White "Braun, Arik"]
[Black "Velten, Paul"]
[Result "0-1"]
[WhiteTitle "GM"]
[BlackTitle "GM"]
[WhiteElo "2598"]
[BlackElo "2496"]
[WhiteTeam "Berlin Bears"]
[BlackTeam "Cannes Blitzstreams"]
[WhiteFideId "4663527"]
[BlackFideId "681091"]
[EventDate "2019.01.08"]

1. d4 d5 2. c4 dxc4 3. Nf3 Nf6 4. e3 Bg4 5. Bxc4 e6 6. h3 Bh5 7. Nc3 Nc6 8. Bb5
Be7 9. g4 Bg6 10. Ne5 O-O 11. Bxc6 bxc6 12. Nxc6 Qd6 13. Nxe7+ Qxe7 14. O-O h5
15. f3 c5 16. dxc5 Rfd8 17. Qe1 Qxc5 18. Qf2 Qc4 19. e4 Nd7 20. Be3 Ne5 21. Rad1
a6 22. Kg2 Rab8 23. Qc2 hxg4 24. hxg4 Rxd1 25. Rxd1 Qb4 26. Bc1 f5 27. exf5 exf5
28. Nd5 Qf8 29. Qc7 Re8 30. Re1 fxg4 31. f4 Nc6 32. Rxe8 Qxe8 33. Kf2 g3+ 34.
Kxg3 Qe1+ 35. Kg4 Qd1+ 36. Kh4 Qxd5 37. Qc8+ Kh7 38. Qxa6 Qh1+ 39. Kg3 Qg1+ 40.
Kh4 Qh2+ 41. Kg4 Qg2+ 42. Kh4 Bf5 0-1

[Event "PRO League Group Stage"]
[Site "chess.com INT"]
[Date "2019.01.21"]
[Round "3"]
[White "Lampert, Jonas"]
[Black "Bordi, Kevin"]
[Result "1-0"]
[WhiteTitle "IM"]
[WhiteElo "2544"]
[BlackElo "2288"]
[WhiteTeam "Berlin Bears"]
[BlackTeam "Cannes Blitzstreams"]
[WhiteFideId "1303759"]
[BlackFideId "621862"]
[EventDate "2019.01.08"]

1. d4 d5 2. c4 c6 3. Nf3 Nf6 4. Nc3 e6 5. e3 Nbd7 6. Qc2 Bd6 7. b3 O-O 8. Be2
Qe7 9. O-O dxc4 10. bxc4 e5 11. Re1 e4 12. Nd2 Re8 13. f3 Ng4 14. fxg4 Qh4 15.
Nf1 Bxh2+ 16. Nxh2 Qxe1+ 17. Nf1 Qh4 18. Nxe4 Nf6 19. Nd6 Re7 20. Nf5 Bxf5 21.
gxf5 Ne4 22. Bd3 Rae8 23. Bxe4 Rxe4 24. Qf2 Qh6 25. Ng3 Rg4 26. Bd2 c5 27. dxc5
Rxc4 28. e4 Qf6 29. Rc1 Rxc1+ 30. Bxc1 Qa1 31. Qc2 Qd4+ 32. Kh2 Rc8 33. Qb3 Qxc5
34. Bf4 b5 35. Qf3 Qc3 36. Qg4 b4 37. e5 a5 38. Nh5 g6 39. Nf6+ Kg7 40. Qg5 Kf8
41. Qh6+ Ke7 42. Nd5+ 1-0

[Event "PRO League Group Stage"]
[Site "chess.com INT"]
[Date "2019.01.21"]
[Round "3"]
[White "Hammer, Jon Ludvig"]
[Black "Asis Gargatagli, Hipolito"]
[Result "1-0"]
[WhiteTitle "GM"]
[BlackTitle "IM"]
[WhiteElo "2652"]
[BlackElo "2529"]
[WhiteTeam "Norway Gnomes"]
[BlackTeam "Barcelona Raptors"]
[WhiteFideId "1503707"]
[BlackFideId "2260735"]
[EventDate "2019.01.08"]

1. c4 g6 2. g3 Bg7 3. Bg2 c5 4. Nc3 Nc6 5. Nf3 d6 6. O-O e6 7. e3 Nge7 8. d4 O-O
9. Re1 Nf5 10. d5 Na5 11. Qd3 e5 12. Bd2 b6 13. Rac1 Ba6 14. b3 Re8 15. e4 Nd4
16. Nxd4 cxd4 17. Nb5 Bc8 18. Bxa5 bxa5 19. c5 dxc5 20. Rxc5 Bf8 21. Rc2 Bd6 22.
Rc6 Bb4 23. Rec1 Bd7 24. Nc7 Bxc6 25. Rxc6 Rc8 26. Nxe8 Rxc6 27. dxc6 Qxe8 28.
Qb5 Bd6 29. Bf1 Bc7 30. Bc4 Qd8 31. Kf1 Kg7 32. Bd3 Qd6 33. Qb7 Kh6 34. h4 f6
35. Qc8 Bb6 36. Qg8 Bc5 37. Qe8 Bb6 38. Qf7 Bc5 39. c7 Qc6 40. g4 Bb6 41. Qf8# 1-0

[Event "PRO League Group Stage"]
[Site "chess.com INT"]
[Date "2019.01.21"]
[Round "3"]
[White "Salomon, Johan"]
[Black "Herrera Reyes, Jose Antonio"]
[Result "0-1"]
[WhiteTitle "GM"]
[BlackTitle "FM"]
[WhiteElo "2494"]
[BlackElo "2324"]
[WhiteTeam "Norway Gnomes"]
[BlackTeam "Barcelona Raptors"]
[WhiteFideId "1509500"]
[BlackFideId "2274914"]
[EventDate "2019.01.08"]

1. e4 c5 2. Nf3 e6 3. d4 cxd4 4. Nxd4 a6 5. c4 Qc7 6. Nc3 Nf6 7. Be2 Be7 8. Be3
b6 9. g4 Bb7 10. f3 g6 11. Qd2 Nc6 12. Nxc6 dxc6 13. e5 Nd7 14. f4 c5 15. Rf1
Rd8 16. Qc2 Nb8 17. Rd1 O-O 18. Bf3 Rxd1+ 19. Kxd1 Nc6 20. Ke2 b5 21. cxb5 axb5
22. Nxb5 Qa5 23. a4 Nb4 24. Bd2 Bxf3+ 25. Kxf3 Qxb5 26. axb5 Nxc2 27. Bc3 Rb8
28. Rd1 Rxb5 29. Rd7 Bf8 30. Ke4 Nb4 0-1

[Event "PRO League Group Stage"]
[Site "chess.com INT"]
[Date "2019.01.21"]
[Round "3"]
[White "Forcen Esteban, Daniel"]
[Black "Hauge, Lars Oskar"]
[Result "1/2-1/2"]
[WhiteTitle "GM"]
[BlackTitle "IM"]
[WhiteElo "2567"]
[BlackElo "2466"]
[WhiteTeam "Barcelona Raptors"]
[BlackTeam "Norway Gnomes"]
[WhiteFideId "2288230"]
[BlackFideId "1509276"]
[EventDate "2019.01.08"]

1. Nf3 Nf6 2. c4 c5 3. g3 g6 4. Bg2 Bg7 5. O-O O-O 6. Nc3 d6 7. d3 Nc6 8. a3 Bf5
9. Rb1 Rc8 10. b4 b6 11. b5 Nb8 12. a4 Qd7 13. Re1 Bh3 14. Bh1 h6 15. Bb2 e6 16.
a5 Qe7 17. Ra1 d5 18. cxd5 exd5 19. d4 Rfd8 20. e3 Nbd7 21. axb6 axb6 22. Ra7
Qe6 23. dxc5 bxc5 24. Ra6 Qe8 25. Nxd5 Nxd5 26. Bxg7 Kxg7 27. Qxd5 Nb8 28. Rd6
Rxd6 29. Qxd6 Qxb5 30. Ne5 Be6 31. h4 Nd7 32. Nc6 h5 33. Rd1 Qb2 34. Be4 Qf6 35.
Rc1 c4 36. Ne7 Re8 37. Nc6 Rc8 38. Na7 Re8 39. Bc6 c3 40. Nb5 Rd8 41. Qf4 Ne5
42. Qxf6+ Kxf6 43. Bg2 c2 44. Nd4 Bf5 45. Bf1 Be4 46. Be2 Rb8 47. Nxc2 Rc8 48.
Bd1 Bd3 49. f3 Bxc2 1/2-1/2

[Event "PRO League Group Stage"]
[Site "chess.com INT"]
[Date "2019.01.21"]
[Round "3"]
[White "Alonso Rosell, Alvar"]
[Black "Mihajlov, Sebastian"]
[Result "1-0"]
[WhiteTitle "GM"]
[BlackTitle "IM"]
[WhiteElo "2559"]
[BlackElo "2363"]
[WhiteTeam "Barcelona Raptors"]
[BlackTeam "Norway Gnomes"]
[WhiteFideId "2270544"]
[BlackFideId "1512110"]
[EventDate "2019.01.08"]

1. d4 d5 2. c4 c6 3. Nf3 Nf6 4. Nc3 dxc4 5. a4 Bf5 6. Nh4 Bc8 7. Nf3 Bf5 8. e3
e6 9. Bxc4 Bb4 10. O-O Nbd7 11. Nh4 Bg4 12. f3 Bh5 13. g4 g5 14. gxh5 gxh4 15.
e4 Nxh5 16. f4 Rg8+ 17. Kh1 Ng3+ 18. hxg3 hxg3 19. Kg2 Nf6 20. e5 Ng4 21. Ne4
Qe7 22. Be2 Nf2 23. Nf6+ Qxf6 24. exf6 Nxd1 25. Rxd1 O-O-O 26. Be3 Rg6 27. f5
exf5 28. Bh5 Re8 29. Bxg6 hxg6 30. Bf4 Re6 31. d5 Rxf6 32. Be5 1-0